|
|
|
|
| LEADER |
00000nab a2200000 a 4500 |
| 001 |
vtls000267325 |
| 003 |
SK-MaSNL |
| 005 |
20260303235721.0 |
| 008 |
111202c1986 xo 0 slo |
| 015 |
|
|
|a SNBRA19rr/mm-uuuuu
|
| 035 |
|
|
|a CL0277439
|
| 040 |
|
|
|a SNKBUCL
|b slo
|c SNKBUCL
|e AACR2
|
| 041 |
0 |
|
|a slo
|
| 044 |
|
|
|a xo
|c SK
|
| 080 |
|
|
|a 82.069.6.02(048)
|2 1981
|
| 080 |
|
|
|a 069.6.02
|2 1981
|
| 080 |
|
|
|a 82(048)
|2 1981
|
| 100 |
1 |
|
|a Kianička, Ľubomír,
|d 1948-
|4 aut
|9 301675
|
| 245 |
1 |
0 |
|a Na margo knihy Úvod do literárnej muzeológie
|c Ľubomír Kianička ; Mišo A. Kováč
|
| 650 |
0 |
7 |
|a literárna muzeológia
|2 snkbucl
|9 341330
|
| 655 |
|
7 |
|a články zo zborníkov
|2 snkbucl
|9 166140
|
| 655 |
|
7 |
|a články z odboru literárna veda a krásna literatúra
|2 snkbucl
|9 770045
|
| 655 |
|
7 |
|a recenzie
|2 snkbucl
|9 21907
|
| 773 |
0 |
|
|t Literárnomúzejný letopis 20
|d Martin : Matica slovenská, 1986
|
| 787 |
0 |
8 |
|i Rec.:
|a Kováč, Mišo A., 1930-
|t Úvod do literárnej muzeológie
|d Martin : Matica slovenská, 1982
|
| 850 |
|
|
|a Slovenská národná knižnica v Martine
|a MTA001
|
| 852 |
|
|
|a SNK
|b KIS3GCP
|
| 958 |
|
|
|a RK
|
| 958 |
|
|
|a LX
|
| 992 |
|
|
|a RZB
|
| 999 |
|
|
|c 2527421
|d 2529351
|